Welding processes

Gespeichert in:
Bibliographische Detailangaben
1. Verfasser: P T Houlderoft
Format: Buch
Sprache:Undetermined
Veröffentlicht: London Cambridge Univ. Press 1967
Schlagworte:
Tags: Tag hinzufügen
Keine Tags, Fügen Sie den ersten Tag hinzu!
Thư viện lưu trữ: Trung tâm Học liệu Trường Đại học Cần Thơ
LEADER 00459nam a2200181Ia 4500
001 CTU_11731
008 210402s9999 xx 000 0 und d
082 |a 671.52 
082 |b H835 
100 |a P T Houlderoft 
245 0 |a Welding processes 
245 0 |c P T Houlderoft 
260 |a London 
260 |b Cambridge Univ. Press 
260 |c 1967 
650 |a welding 
904 |i Minh, 961102 
980 |a Trung tâm Học liệu Trường Đại học Cần Thơ